Culture Générale en 10 courtes vidéos #3 - Statistiques

Statistiques générales
  • Ce quiz a été pris 101 fois
  • Le résultat moyen est 6 sur 10
Statistiques - réponses
Vidéo Question Réponse % Correct
Animal entré dans la postérité avec le dessin animé Les Histoires du père ______ Castor
93%
De quelle marque est-ce la publicité ? Nespresso (Nestlé)
90%
Dans quelle ville a eu lieu cette tragique explosion le 4 août 2020 ? Beyrouth
74%
Série TV en 3 lettres HPI
73%
Dans cet extrait du film "Les Bronzés font du ski", quel jeu de société lance le personnage joué par Josiane Balasko sur la voiture rouge ? Scrabble
69%
Quel club de football supporte ces gens ? Manchester City
65%
Voici un extrait du clip de la chanson Yellow. De quel groupe s'agit t-il ? Coldplay
55%
De quel film en 7 lettres provient ce court extrait ? Titanic
46%
Cette vidéo représente le timelapse d'une célèbre éruption qui a démarré le 18 mai 1980, celle du Mont Saint ______ (les 5 premières lettres suffisent) Helens
32%
A qui s'adresse Jean-Marie Le Pen dans cet extrait d'un débat politique télévisé ? Bernard Tapie
18%
Aucun quiz correspondant
Distribution des résultats
% des personnes avec chaque résultat
Percentile par nombre de réponses
Votre historique - résultats
Vous n’avez pas pris ce quiz